AH International Schools' Libraries

God Knows All About Me / (Record no. 49114)

MARC details
000 -LEADER
fixed length control field 00337nam a2200109 4500
020 ## - INTERNATIONAL STANDARD BOOK NUMBER
International Standard Book Number 9780718032081
100 ## - MAIN ENTRY--PERSONAL NAME
Personal name Page, Claire,
Relator term author.
9 (RLIN) 67291
245 ## - TITLE STATEMENT
Title God Knows All About Me /
Statement of responsibility, etc written by Claire Page, Illustrated by Clare Fennell.
260 ## - PUBLICATION, DISTRIBUTION, ETC. (IMPRINT)
Place of publication, distribution, etc UK:
Name of publisher, distributor, etc Thomas Nelson Inc.
Date of publication, distribution, etc January 27, 2015.
300 ## - PHYSICAL DESCRIPTION
Extent 26 pages.
942 ## - ADDED ENTRY ELEMENTS (KOHA)
Source of classification or shelving scheme
Koha item type Board Book
Holdings
Withdrawn status Lost status Source of classification or shelving scheme Damaged status Not for loan Home library Current library Date acquired Total Checkouts Full call number Barcode Checked out Date last seen Date checked out Price effective from Koha item type
          Logos International School Logos International School 08/05/2025 3 BB PAG 040621 01/15/2026 08/29/2025 08/29/2025 08/05/2025 Board Book

For any Logos Library related questions please contact Miss Art at swongnarasuk@asianhope.org.

For any Asian Hope Library related questions please contact Miss Raza at graza@asianhope.org.

Click here to explore our ebooks!

Powered by Koha